История на българите (Запис номер 74593)
[ съкратено ]
| 000 -Лидер | |
|---|---|
| Контролно поле с фиксирана дължина | 02056nam a2200397 c 4500 |
| 003 - Код на организацията, давaща контролен номер | |
| Контролно поле | BLK |
| 005 - Дата и час на последна редакция | |
| Контролно поле | 20250225142202.0 |
| 008 - Елементи от данни с фиксирана дължина | |
| fixed length control field | 180408b bul|||||r ||||||| ||bul|| |
| 010 ## - Наследен системен номер | |
| LC control number | KNG00078996000 |
| 020 ## - Международен стандартен номер на книга ISBN | |
| Международен стандартен номер на книга ISBN | 978-954-621-235-1 |
| -- | издат.: Труд - на том(т. 5)(Знание) |
| 020 ## - Международен стандартен номер на книга ISBN | |
| Международен стандартен номер на книга ISBN | 978-954-528-752-7 |
| -- | издат.: Труд - на том(т. 5)(Труд) |
| 040 ## - Източник на каталожния запис | |
| Идентификатор на билиотеката - собственик на записа | BLK |
| 041 ## - Код за език | |
| Код за езика на текст/звукозапис или на отделно заглавие | Български |
| Код за езика КДБФ | Български |
| 080 ## - УДК | |
| Текстов определител УДК | История на България |
| УДК код - определител по УДК | 94(497.2) |
| УДК определител | |
| УДК - код + определител | 94(497.2) |
| 080 ## - УДК | |
| Текстов определител УДК | Военна история - Военни походи, битки, героични подвизи. Вж и 93/99 |
| УДК код - определител по УДК | 355.48 |
| УДК определител | (497.2) |
| УДК - код + определител | 355.48(497.2) |
| 139 ## - Редно поле | |
| Редна дума | История на българите |
| Авторски знак | Истор - И 95 |
| 245 10 - Сведения за заглавието | |
| Заглавие | История на българите |
| Подзаглавни данни | В 8 т. : Т. 1 - |
| Редно поле (дума) | ред. Григор Петров Велев; авт. на том Димитър Иванов Зафиров. |
| Том | Т. 5 |
| Заглавие на том | Военна история на българите от древността до наши дни |
| 257 ## - Страна на издаване | |
| Страна на създаване/издаване | България |
| 260 ## - Област на издателските данни | |
| -- | София |
| Име на издателя, разпространителя и проч. | Знание |
| Година на издаване | 2003 - |
| Печатница | София : Д. Благоев |
| 300 ## - Физическа характеристика | |
| Размери/Мащаб | 28 см |
| 380 ## - Жанр | |
| Жанр | История |
| 500 ## - Общи забележки | |
| Забележка | Изд. на Науч. център за бълг. нац. стратегия |
| 650 #0 - Допълнително описание по предмет – тема | |
| Основно описание – тема или топоним | България - история |
| 9 (RLIN) | 244493 |
| 650 #4 - Допълнително описание по предмет – тема | |
| Основно описание – тема или топоним | България - военна история |
| 9 (RLIN) | 241785 |
| 653 ## - Ключова дума – ненормативна | |
| Ключова дума | военна история |
| 653 ## - Ключова дума – ненормативна | |
| Ключова дума | България |
| 700 ## - Други автори (авторска отговорност) | |
| Лично име | Велев, Григор Петров |
| Дати, свързани с автора | 1935-2020 |
| 9 (RLIN) | 375865 |
| 700 1# - Други автори (авторска отговорност) | |
| Лично име | Зафиров, Димитър Иванов |
| Автороска отговорност (Описва отношението между автора и произведението) | авт. на том |
| 9 (RLIN) | 371654 |
| 760 1# - Описание на основната серия | |
| -- | - на том(т. 5)(Знание) |
| Място на издаване, издател и година | Труд, 2007 |
| Страници - том | 739 с. : с ил., сн., к. |
| Забележка - том | Съдържа и за авт. |
| Заглавие | Т. 5 Военна история на българите от древността до наши дни |
| 852 ## - Местоположение | |
| Форматна сигнатура | Цб ІІ 11973 |
| 856 4# - Електронен адрес и достъп | |
| Електронен формат | pdf - файл |
| Път до файла /url/ | |
| 856 4# - Електронен адрес и достъп | |
| Електронен формат | pdf - файл |
| Път до файла /url/ | |
| 942 ## - АРТИКУЛИ | |
| Вид на библиотечния материал | Книги |
| Скрит в OPAC | Не |
| Koha issues (borrowed), all copies | 3 |
| 944 ## - СЪЗДАВАНЕ И РЕДАКЦИЯ на ЗАПИСА | |
| Създаване/Редакция | Създаване |
| Дата на регистрацията/редакция | 07.11.2007 |
| Служител, извършил регистрацията/редакцията | 30529 |
| Статус, дата на статуса | Диана Гривева |
| 944 ## - СЪЗДАВАНЕ И РЕДАКЦИЯ на ЗАПИСА | |
| Създаване/Редакция | Редакция |
| Дата на регистрацията/редакция | 14.02.2014 |
| Служител, извършил регистрацията/редакцията | |
| 999 ## - СИСТЕМНИ КОНТРОЛНИ НОМЕРА | |
| Koha biblionumber | 74593 |
| Koha biblioitemnumber | 74593 |
| Код за отписване | Код за изгубен артикул | Източник на класификационната схема | Код за повреда | Коз за рестрикции | Код за отдаване | Артикулен № | Име на библиотеката - собственик | Име на библиотеката, в която се намира в момента | Статус (Текущо местоположение) | Дата на вписване в системата | Местоположение - отдел | Цена в лева | Инвентарен номер | Систематично азбучна сигнатура | Баркод | Номер на екземпляра | Цена в евро | Служебна бележка | Служебен тип на артикула |
|---|---|---|---|---|---|---|---|---|---|---|---|---|---|---|---|---|---|---|---|
| Не е изгубен | Universal Decimal Classification | Не е повреден | без рестрикции | ползва се в читалня | 121363 | Регионална библиотека "Любен Каравелов" Русе | Регионална библиотека "Любен Каравелов" Русе | Читалня | 2007-11-07 | Читалня | 59.99 | 120000719497 | Ч 94(497.2)/И 95 | 120000719497 | 1 | 30.67 | Дост: Pk Вид: Ф N: 10420 Дата: 02.11.2007 Дата инв: 30.03.2017 Бележки инв: Ч2017 | Книги | |
| Не е изгубен | Universal Decimal Classification | Не е повреден | без рестрикции | заемане за дома | 121364 | Регионална библиотека "Любен Каравелов" Русе | Регионална библиотека "Любен Каравелов" Русе | Заемна - подръчен фонд | 2007-11-30 | Заемна - подръчен фонд | 59.99 | 120000720744 | П 94(497.2)/И 95 | 120000720744 | 2 | 30.67 | Дост: Pk Вид: Ф N: 11786 Дата: 27.11.2007 Дата инв: 15.02.2018 Бележки инв: П2018 | Книги | |
| Не е изгубен | Universal Decimal Classification | Не е повреден | без рестрикции | заемане за дома | 121365 | Регионална библиотека "Любен Каравелов" Русе | Регионална библиотека "Любен Каравелов" Русе | Дубликат | 2007-11-30 | Заемна - подръчен фонд | 59.99 | 120000720745 | П 94(497.2)/И 95 | 120000720745 | 3 | 30.67 | Дост: Pk Вид: Ф N: 11786 Дата: 27.11.2007 Дата инв: 15.02.2018 Бележки инв: П2018 | Книги |